[Event "FSIM July 2013"]
[Site "Budapest HUN"]
[Date "2013.07.14"]
[Round "9.3"]
[White "Szeberenyi,A"]
[Black "To,N"]
[Result "1-0"]
[WhiteElo "2313"]
[BlackElo "2292"]

1.d4 d5 2.c4 c6 3.Nc3 Nf6 4.e3 e6 5.Nf3 Nbd7 6.Qc2 Bd6 7.e4 Nxe4 8.Nxe4 dxe4
9.Qxe4 e5 10.dxe5 O-O 11.exd6 Re8 12.Qxe8+ Qxe8+ 13.Be3 Ne5 14.Nxe5 Qxe5
15.O-O-O Bf5 16.Bd3 b6 17.Rhe1 Bxd3 18.Rxd3 Rd8 19.d7 Kf8 20.Bd2 Qf5 21.Rd5 Qg4
22.Bb4+ c5 23.Rxc5 Qf4+ 24.Kb1  1-0

[Event "Corporation Cup 2013"]
[Site "Izhevsk RUS"]
[Date "2013.07.14"]
[Round "3.4"]
[White "Pushin,V"]
[Black "Bukavshin,I"]
[Result "1-0"]
[WhiteElo "2349"]
[BlackElo "2517"]

1.d4 Nf6 2.c4 e6 3.Nf3 d5 4.Nc3 c6 5.e3 Nbd7 6.Bd3 dxc4 7.Bxc4 b5 8.Bd3 a6
9.a4 Bb7 10.O-O b4 11.Ne4 c5 12.Nxf6+ Nxf6 13.dxc5 Nd7 14.c6 Bxc6 15.Nd4 Bb7
16.Qh5 Nf6 17.Qe2 e5 18.Nf5 g6 19.Rd1 gxf5 20.Bb5+ axb5 21.Rxd8+ Rxd8 22.Qxb5+ Rd7
23.Qxe5+ Be7 24.Bd2 O-O 25.Bxb4 Bxb4 26.Qxf6 Rfd8 27.h3 Rd1+ 28.Rxd1 Rxd1+
29.Kh2 Bd6+ 30.f4 h6 31.Qxf5 Rd2 32.e4 Rxb2 33.Kg3 Rb3+ 34.Kg4 Bf8 35.Kh4 Rb4
36.e5 Be4 37.Qg4+ Bg6 38.a5 Rb3 39.Qd7 Rd3 40.Qc8 Be4 41.e6 Kg7 42.Qc7 Bg6
43.e7 Bxe7+ 44.Qxe7 Rd5 45.a6 Ra5 46.a7 Ra2 47.g4 Ra4 48.Qd7 Ra2 49.f5 Bh7
50.Qb7  1-0

[Event "7th LCT 2013"]
[Site "Leiden NED"]
[Date "2013.07.14"]
[Round "3.28"]
[White "De Paolis,F"]
[Black "Kerkvliet,M"]
[Result "0-1"]
[WhiteElo "1897"]
[BlackElo "2042"]

1.d4 d5 2.c4 c6 3.Nf3 Nf6 4.Nc3 e6 5.e3 Nbd7 6.Bd3 Be7 7.O-O O-O 8.e4 dxe4
9.Nxe4 Nxe4 10.Bxe4 Nf6 11.Bc2 b6 12.Be3 Bb7 13.Re1 Bb4 14.Re2 c5 15.Ne5 Nd7
16.Nxd7 Qxd7 17.a3 cxd4 18.axb4 Qc6 19.f3 dxe3 20.Be4 Qc7 21.Bxb7 Qxb7 22.Rxe3 Qe7
23.Qe1 Rfd8 24.Rea3 Rd4 25.Qc3 Rad8 26.Qb3 Rd2 27.Qe3 Qh4 28.Qe1 Qxc4 29.Rxa7 Qc2
30.Qf1 g6 31.Rc1 Rxg2+ 32.Qxg2 Qxc1+ 33.Qf1 Rd1  0-1

[Event "Minsk Open 2013"]
[Site "Minsk BLR"]
[Date "2013.07.14"]
[Round "2.13"]
[White "Tunik,G"]
[Black "Filipets,Egor"]
[Result "0-1"]
[WhiteElo "2435"]
[BlackElo "2076"]

1.d4 d5 2.c4 c6 3.Nf3 Nf6 4.Nc3 e6 5.e3 Nbd7 6.Bd3 dxc4 7.Bxc4 b5 8.Bd3 b4
9.Ne4 Nxe4 10.Bxe4 Bb7 11.O-O Bd6 12.a3 a5 13.axb4 axb4 14.Bd2 O-O 15.Qe2 Qb6
16.Rfc1 c5 17.Bxb7 Qxb7 18.Be1 Rxa1 19.Rxa1 Rc8 20.Qa6 Qc7 21.dxc5 Nxc5 22.Qc4 e5
23.Bxb4 e4 24.Ng5 Bxh2+ 25.Kf1 Nd3 26.Qxe4 Nxb4 27.Qxh7+ Kf8 28.g3 Bxg3 29.Qh8+ Ke7
30.Qxg7 Qc4+ 31.Kg2 Bb8 32.Nf3 Nc2 33.Qg5+ f6 34.Qg7+ Qf7 35.Qxf7+ Kxf7 36.Ra4 Bd6
37.Nd2 Nxe3+ 38.fxe3 Rc2 39.Rd4 Bc5 40.Rc4 Rxd2+ 41.Kf3 Bd6 42.Rc6 Be5 43.b3 Rd8
44.Rc4 Rb8 45.b4 Bd6 46.Rd4 Bxb4 47.Rd3 Ke6 48.Rb3 Bd6 49.Rd3 Ra8 50.Rb3 Ra3
51.Rb5 Rc3 52.Rb6 Ke5  0-1

[Event "10th South Wales Int 2013"]
[Site "Penarth WLS"]
[Date "2013.07.14"]
[Round "3.13"]
[White "Hurn,R"]
[Black "Menadue,J"]
[Result "0-1"]
[WhiteElo "1770"]
[BlackElo "2145"]

1.d4 d5 2.c4 c6 3.Nc3 Nf6 4.e3 e6 5.Nf3 Nbd7 6.Bd3 dxc4 7.Bxc4 b5 8.Bd3 Bb7
9.O-O a6 10.e4 c5 11.d5 c4 12.dxe6 fxe6 13.Bc2 Nc5 14.Qe2 Qc7 15.Bg5 Be7
16.Rad1 O-O 17.Nd4 Rad8 18.f4 Nd3 19.Nxe6 Qb6+ 20.Kh1 Qxe6 21.e5 Nd5 22.Rxd3 cxd3
23.Bxd3 Nxc3 24.Bxh7+ Kxh7 25.Qh5+ Kg8 26.bxc3 Bxg5 27.Qxg5 Qf5 28.Qe7 Rd7
29.Qb4 Rd2 30.Qb3+ Bd5 31.c4 Bxg2+ 32.Kg1 Bxf1 33.c5+ Kh8 34.c6 Qxf4  0-1

[Event "Lueneburg Open 2013"]
[Site "Lueneburg GER"]
[Date "2013.07.15"]
[Round "1.15"]
[White "Meyner,H"]
[Black "Svane,Frederik"]
[Result "0-1"]
[WhiteElo "2266"]
[BlackElo "1753"]

1.d4 d5 2.c4 c6 3.Nf3 Nf6 4.e3 e6 5.Nc3 Be7 6.Bd3 O-O 7.O-O Nbd7 8.e4 dxe4
9.Nxe4 Nxe4 10.Bxe4 Nf6 11.Bc2 Qc7 12.Bg5 Rd8 13.Qd3 h6 14.Bh4 b6 15.Rfe1 Ba6
16.Rad1 Rac8 17.b3 Kf8 18.Ne5 c5 19.Qh3 Nd7 20.Nxf7 Bxh4 21.Nxh6 Bxf2+ 22.Kxf2 Qf4+
23.Kg1 Qxh6 24.Qg4 Re8 25.Bg6 Nf6 26.Rf1 Red8 27.d5 exd5 28.Rd3 Rc6 29.Rh3 Bc8
30.Rxh6 Bxg4 31.Rh4 Kg8 32.h3 Be6 33.g4 dxc4 34.g5 cxb3 35.gxf6 gxf6 36.axb3 Bxb3
37.Bh7+ Kg7 38.Be4 Bd5 39.Rh7+ Kg8 40.Bf5 Bf7 41.Kh1 Rd2 42.Rg1+ Kf8 43.Rh8+ Ke7
44.Re1+ Re6 45.Bxe6 Bxe6 46.h4 Kf7 47.h5 Kg7 48.Re8 Bd5+ 49.Kg1 Rg2+ 50.Kf1 Rh2
51.R1e7+ Kh6 52.Rh8+ Kg5 53.Rg7+ Kf4 54.Ke1 Be4 55.h6 c4 56.Rc7 Ke3 57.Rg7 Kf4
58.h7  0-1

[Event "10th South Wales Int 2013"]
[Site "Penarth WLS"]
[Date "2013.07.15"]
[Round "4.12"]
[White "Staniforth,Matthew"]
[Black "Brown,Th"]
[Result "1/2-1/2"]
[WhiteElo "1897"]
[BlackElo "2106"]

1.d4 d5 2.c4 c6 3.Nc3 Nf6 4.Nf3 e6 5.e3 Nbd7 6.Bd3 Bd6 7.O-O O-O 8.b3 Qe7
9.Bb2 dxc4 10.Bxc4 e5 11.dxe5 Nxe5 12.Be2 Rd8 13.Qc2 Nfg4 14.g3 h5 15.Nh4 Bc7
16.Rad1 Rxd1 17.Rxd1 g6 18.Ne4 g5 19.Nf3 Bf5 20.Qc5 Qxc5  1/2-1/2

[Event "Corporation Cup 2013"]
[Site "Izhevsk RUS"]
[Date "2013.07.16"]
[Round "5.9"]
[White "Skomorokhin,R"]
[Black "Pakhomov,E"]
[Result "1/2-1/2"]
[WhiteElo "2349"]
[BlackElo "2435"]

1.d4 d5 2.c4 e6 3.Nf3 Nf6 4.Nc3 c6 5.e3 Nbd7 6.Qc2 Bd6 7.b3 O-O 8.Be2 e5
9.cxd5 Nxd5 10.Nxd5 cxd5 11.dxe5 Nxe5 12.Bb2 Nxf3+ 13.Bxf3 Bb4+ 14.Kf1 Be6
15.Qd3 Be7 16.Ke2 Bf6 17.Bxf6 Qxf6 18.Qd4 Qxd4 19.exd4 Rfc8 20.Rac1 Kf8 21.Kd2 Ke7
22.Rxc8 Rxc8 23.Rc1 Rxc1 24.Kxc1 Kd6 25.Kd2 Ke7 26.Ke3 Kd6 27.Kd2 Ke7 28.Ke3 Kd6
29.Kd2 Ke7  1/2-1/2

[Event "MTS GM 2013"]
[Site "Izmir TUR"]
[Date "2013.07.16"]
[Round "7.1"]
[White "Bagaturov,G"]
[Black "Kanmazalp,O"]
[Result "1/2-1/2"]
[WhiteElo "2453"]
[BlackElo "2384"]

1.d4 d5 2.c4 e6 3.Nc3 c6 4.Nf3 Nf6 5.e3 Nbd7 6.Bd3 dxc4 7.Bxc4 b5 8.Bd3 a6
9.a4 b4 10.Ne4 c5 11.Ned2 Bb7 12.O-O cxd4 13.exd4 Be7 14.Nb3 a5 15.Be3 O-O
16.Bb5 Nd5 17.Qe2 Nxe3 18.fxe3 Nf6 19.Rac1 Bd5 20.Nfd2 Bd6 21.Nc5 Rc8 22.e4 Bxc5
23.dxc5 Bc6 24.Bxc6 Rxc6 25.Nb3 Qc7 26.Rfd1 Qe5 27.Rc4 h5 28.h3 Rfc8 29.Rd2  1/2-1/2

[Event "7th LCT 2013"]
[Site "Leiden NED"]
[Date "2013.07.16"]
[Round "5.25"]
[White "Van der Meer,K"]
[Black "Braggaar,L"]
[Result "1/2-1/2"]
[WhiteElo "2039"]
[BlackElo "2080"]

1.d4 d5 2.c4 c6 3.Nf3 Nf6 4.Nc3 e6 5.e3 Nbd7 6.Bd3 Bd6 7.e4 dxe4 8.Nxe4 Nxe4
9.Bxe4 Nf6 10.Bc2 b5 11.b3 Ba6 12.Bd3 Bb4+ 13.Bd2 Qa5 14.O-O Bxd2 15.Qxd2 Qxd2
16.Nxd2 Rd8 17.Nf3 bxc4 18.Bxc4  1/2-1/2

[Event "113th ch-SUI 2013"]
[Site "Graechen SUI"]
[Date "2013.07.17"]
[Round "7.18"]
[White "Lombard,A"]
[Black "Noyer,O"]
[Result "1/2-1/2"]
[WhiteElo "2356"]
[BlackElo "2016"]

1.d4 d5 2.c4 e6 3.Nc3 c6 4.e3 Nf6 5.Nf3 Nbd7 6.Bd3 Be7 7.O-O O-O 8.e4 dxc4
9.Bxc4 b5 10.Bd3 Bb7 11.e5 Ne8 12.Qc2 g6 13.Bh6 Ng7 14.Ne4 a6 15.Rfd1 Rc8
16.Qe2 Qb6 17.Bg5 Bxg5 18.Nfxg5 Ne8 19.a4 h6 20.Nf3 b4 21.a5 Qa7 22.Qd2 Kg7
23.Qxb4 c5 24.dxc5 Nxc5 25.Nxc5 Rxc5 26.Be4 Rb5 27.Qd4 Qxd4 28.Nxd4 Rxb2
29.Bxb7 Rxb7 30.Rdb1 Rxb1+ 31.Rxb1 Nc7 32.Nc6 Nb5 33.Nb4 Nc3 34.Rb3 Rb8 35.Rxc3 Rxb4
36.g3 Rb5  1/2-1/2

[Event "Corporation Cup 2013"]
[Site "Izhevsk RUS"]
[Date "2013.07.17"]
[Round "6.2"]
[White "Aleksandrov,A"]
[Black "Bukavshin,I"]
[Result "0-1"]
[WhiteElo "2637"]
[BlackElo "2517"]

1.d4 d5 2.c4 e6 3.Nc3 c6 4.e3 Nf6 5.Nf3 Nbd7 6.Qc2 Bd6 7.b3 O-O 8.Be2 b6
9.O-O Bb7 10.Bb2 Rc8 11.Rfd1 Qe7 12.Rac1 Rfe8 13.Qb1 a6 14.h3 c5 15.dxc5 bxc5
16.Na4 Ne4 17.Qa1 f5 18.Rc2 f4 19.cxd5 fxe3 20.dxe6 exf2+ 21.Kf1 Nf8 22.Bc4 Nxe6
23.Nd2 Ng3+ 24.Kxf2 Kh8 25.Nf1 Nd4 26.Bxd4 cxd4 27.Qxd4 Nf5 28.Qb6 Qe4 29.Re2 Qxg2+
30.Ke1 Ng3 31.Nxg3 Bxg3+ 32.Kd2 Rxe2+ 33.Bxe2 Qd5+ 34.Bd3 Qg5+  0-1

[Event "Lueneburg Open 2013"]
[Site "Lueneburg GER"]
[Date "2013.07.18"]
[Round "4.11"]
[White "Kaminik,A"]
[Black "Gehrmann,R"]
[Result "1/2-1/2"]
[WhiteElo "2174"]
[BlackElo "2072"]

1.d4 d5 2.c4 c6 3.Nf3 e6 4.Nc3 Nf6 5.e3 Nbd7 6.cxd5 exd5 7.Bd3 Bd6 8.b3 O-O
9.Bb2 Re8 10.Qc2 Qe7 11.O-O-O Ne4 12.Bxe4 dxe4 13.Nd2 Nf6 14.Nc4 Bf5 15.d5 b5
16.Nxd6 Qxd6 17.dxc6 Qxc6 18.Nd5 Qxc2+ 19.Kxc2 Rac8+ 20.Kb1 Ng4 21.Rd2 Ne5
22.Bxe5 Rxe5 23.Rc1 Rxc1+ 24.Kxc1 Kf8 25.Kb2 Be6 26.Nf4 Ke7 27.h4 h6 28.Ne2 a5
29.Ng3 g5 30.hxg5 hxg5 31.Rc2 Kd6 32.Rd2+  1/2-1/2

[Event "Czech Open G1 Rapid 2013"]
[Site "Pardubice CZE"]
[Date "2013.07.18"]
[Round "5.60"]
[White "Krouzel,J"]
[Black "Giannino,D"]
[Result "0-1"]
[WhiteElo "2159"]
[BlackElo "2007"]

1.d4 d5 2.c4 c6 3.Nc3 Nf6 4.Nf3 e6 5.e3 Nbd7 6.Bd3 dxc4 7.Bxc4 b5 8.Bd3 a6
9.O-O Bb7 10.Qe2 c5 11.Bd2 Bd6 12.Rad1 Qc7 13.h3 O-O 14.e4 cxd4 15.Nxd4 Nc5
16.a3 Nxd3 17.Qxd3 Rfd8 18.Qe2 Bh2+ 19.Kh1 Rxd4 20.f4 Bg3 21.Rf3 Nxe4  0-1

[Event "Czech Open G1 Rapid 2013"]
[Site "Pardubice CZE"]
[Date "2013.07.18"]
[Round "7.8"]
[White "Hracek,Z"]
[Black "Geller,J"]
[Result "0-1"]
[WhiteElo "2635"]
[BlackElo "2549"]

1.c4 e6 2.Nc3 d5 3.d4 c6 4.e3 Nf6 5.Nf3 Nbd7 6.Qc2 Bd6 7.b3 O-O 8.Be2 b6
9.O-O Bb7 10.Bb2 Qe7 11.Rfd1 Rfe8 12.Rac1 Rad8 13.Bf1 e5 14.dxe5 Nxe5 15.Nxe5 Qxe5
16.g3 Qh5 17.Ne2 Ng4 18.h3 Ne5 19.Nf4 Nf3+ 20.Kh1 Bxf4 21.exf4 c5 22.cxd5 Nd4
23.Bxd4 Bxd5+ 24.f3 Bxf3+  0-1

[Event "Czech Open G1 Rapid 2013"]
[Site "Pardubice CZE"]
[Date "2013.07.18"]
[Round "7.55"]
[White "Loucek,V"]
[Black "Chernyshova,N"]
[Result "1/2-1/2"]
[WhiteElo "2232"]
[BlackElo "2109"]

1.Nf3 d5 2.d4 Nf6 3.c4 c6 4.e3 e6 5.Nc3 Nbd7 6.Qc2 Be7 7.b3 O-O 8.Bd3 h6
9.O-O b6 10.e4 dxe4 11.Nxe4 Bb7 12.Qe2 c5 13.Bb2 Nxe4 14.Bxe4 Bxe4 15.Qxe4 Nf6
16.Qe2 Qc7 17.Rfe1 Rfe8 18.dxc5 Bxc5 19.Be5 Qe7 20.Red1 Rad8 21.h3 Rxd1+
22.Rxd1 Rd8 23.Rxd8+ Qxd8 24.Nd2 Bb4 25.Ne4 Nxe4 26.Qxe4 Qd1+ 27.Kh2 Bd6
28.Bxd6 Qxd6+ 29.g3 Qd2 30.Kg2 Qxa2 31.Qa8+ Kh7 32.Qe4+ g6 33.Qf4 Kg7 34.Qe5+ Kf8
35.Qb8+ Ke7 36.Qc7+ Kf6 37.Qf4+ Kg7 38.Qe5+  1/2-1/2

[Event "28th Gniot Mem 2013"]
[Site "Police POL"]
[Date "2013.07.18"]
[Round "9.4"]
[White "Urban,K"]
[Black "Przedmojski,R"]
[Result "1/2-1/2"]
[WhiteElo "2462"]
[BlackElo "2371"]

1.Nf3 d5 2.c4 c6 3.e3 Nf6 4.Nc3 e6 5.d4 Nbd7 6.Be2 b6 7.O-O Bb7 8.Qc2 Be7
9.Rd1 O-O 10.e4 dxe4 11.Nxe4 Qc8 12.Nxf6+  1/2-1/2

[Event "12th Bergamo Open"]
[Site "Bergamo ITA"]
[Date "2013.07.19"]
[Round "1.7"]
[White "Farago,I"]
[Black "Cattaneo,Marco"]
[Result "1-0"]
[WhiteElo "2447"]
[BlackElo "2079"]

1.d4 d5 2.c4 c6 3.Nc3 Nf6 4.e3 e6 5.Nf3 Nbd7 6.Qc2 Bd6 7.Bd3 O-O 8.O-O dxc4
9.Bxc4 a6 10.Ng5 Bxh2+ 11.Kxh2 Ng4+ 12.Kg1 Qxg5 13.f3 Ngf6 14.e4 Qg6 15.Bd3 e5
16.Ne2 Rd8 17.b4 a5 18.Bb2 Qh5 19.Ng3 Qg5 20.Nf5 exd4 21.f4 Qh5 22.Rf3 Nf8
23.Rh3 Qg4 24.Rh4 Bxf5 25.Rxg4 Bxg4 26.a3 axb4 27.axb4 Rxa1+ 28.Bxa1 Ne6
29.Qf2 h5 30.f5 Ng5 31.Qf4 Ngxe4 32.Bxe4 Nxe4 33.Qxe4 d3 34.Qe7  1-0

[Event "17th Battle of Senta"]
[Site "Senta SRB"]
[Date "2013.07.19"]
[Round "8.14"]
[White "Nagy,At1 SRB"]
[Black "Bejatovic,B"]
[Result "1/2-1/2"]
[WhiteElo "2206"]
[BlackElo "2002"]

1.d4 d5 2.Nf3 Nf6 3.c4 e6 4.Nc3 c6 5.e3 Bd6 6.Qc2 Nbd7 7.Be2 O-O 8.O-O Re8
9.e4 dxe4 10.Nxe4 Nxe4 11.Qxe4 e5 12.dxe5 Nxe5 13.Ng5 Ng6 14.Qc2 h6 15.Ne4 Bf5
16.f3 Qh4 17.g3 Bxe4 18.fxe4 Bxg3 19.hxg3 Qxg3+ 20.Kh1 Qh3+ 21.Kg1 Qg3+ 22.Kh1 Qh3+
23.Kg1 Qg3+  1/2-1/2

[Event "12th Bergamo Open"]
[Site "Bergamo ITA"]
[Date "2013.07.20"]
[Round "4.4"]
[White "Farago,I"]
[Black "Zimina,O"]
[Result "1-0"]
[WhiteElo "2447"]
[BlackElo "2330"]

1.d4 d5 2.c4 e6 3.Nf3 c6 4.e3 Nf6 5.Nc3 Nbd7 6.Qc2 Bd6 7.Bd3 O-O 8.O-O dxc4
9.Bxc4 a6 10.Rd1 b5 11.Bd3 Qc7 12.Bd2 c5 13.Ne4 c4 14.Nxd6 Qxd6 15.Be2 Bb7
16.b3 Rfc8 17.Qb2 Rab8 18.Rac1 Ne4 19.Be1 Bd5 20.Rc2 h6 21.Rdc1 Rc6 22.Ne5 Nxe5
23.dxe5 Qc7 24.f3 Nc5 25.e4 Nd3 26.Bxd3 cxd3 27.Rxc6 Bxc6 28.Qc3 Qd7 29.Rd1 Rd8
30.Bh4 Qd4+ 31.Qxd4 Rxd4 32.Kf2 a5 33.Ke3 Rd7 34.Be1 a4 35.b4 Rd8 36.Rxd3 Rxd3+
37.Kxd3 f6 38.Kd4 Kf7 39.Kc5 Bd7 40.Kd6 Ke8 41.exf6 gxf6 42.g4 e5 43.Bd2 h5
44.g5 Bh3 45.gxf6 Kf7 46.Kxe5 Bg2 47.f4 Bh3 48.a3 Be6 49.f5 Bc4 50.Bc3  1-0

[Event "12th Condom Open"]
[Site "Condom FRA"]
[Date "2013.07.20"]
[Round "9.2"]
[White "Guichard,P"]
[Black "Jianu,V"]
[Result "1/2-1/2"]
[WhiteElo "2342"]
[BlackElo "2560"]

1.d4 d5 2.Nf3 Nf6 3.c4 c6 4.Nc3 e6 5.e3 Nbd7 6.Bd3 Bd6 7.O-O dxc4 8.Bxc4 b5
9.Bd3 Bb7 10.e4 e5 11.d5 a6 12.Bg5 c5 13.Rc1 O-O  1/2-1/2

[Event "15th TCh-Eur Senior"]
[Site "Dresden GER"]
[Date "2013.07.20"]
[Round "1"]
[White "Rychlik,K"]
[Black "Mewes,H"]
[Result "1-0"]
[WhiteElo "2098"]
[BlackElo "1899"]

1.d4 d5 2.Nf3 Nf6 3.c4 c6 4.Nc3 e6 5.e3 Nbd7 6.Qc2 Be7 7.a3 b6 8.cxd5 exd5
9.Bd3 Bb7 10.O-O O-O 11.Rd1 Qb8 12.b4 Rd8 13.Rb1 a5 14.b5 c5 15.Bf5 g6 16.Bh3 Ne4
17.Bb2 Bf6 18.Rbc1 Ng5 19.Nxg5 Bxg5 20.Na4 Bc8 21.dxc5 bxc5 22.Rxd5 Be7 23.Bxd7 Bxd7
24.Qc3 f6 25.Nxc5 Bxb5 26.Rxd8+ Bxd8 27.Ne6 Be7 28.Nc7  1-0

[Event "15th TCh-Eur Senior"]
[Site "Dresden GER"]
[Date "2013.07.20"]
[Round "1"]
[White "Sager,Bernd"]
[Black "Burnett,J"]
[Result "0-1"]
[WhiteElo "1927"]
[BlackElo "2117"]

1.d4 d5 2.c4 e6 3.Nc3 c6 4.e3 Nf6 5.Nf3 Nbd7 6.Bd3 dxc4 7.Bxc4 b5 8.Bd3 a6
9.O-O c5 10.Re1 Bb7 11.a4 b4 12.Nb1 Be7 13.Nbd2 O-O 14.Nc4 Qc7 15.b3 cxd4
16.exd4 Nd5 17.Bb2 N7f6 18.Rc1 Rac8 19.a5 Qb8 20.Nfe5 Rfd8 21.g3 g6 22.Qe2 Re8
23.Nxf7 Kxf7 24.Qxe6+ Kg7 25.Ne5 Rf8 26.Bc4 Qd6 27.Qh3 Rce8 28.Rcd1 Bc8 29.Qg2 Nc3
30.Rd3 Bf5 31.Rxc3 bxc3 32.Bxc3 h5 33.h3 Bc8 34.g4 hxg4 35.hxg4 Bd8 36.g5 Nh5
37.Qh2 Bf5 38.d5 Kh7 39.f4 Qc5+ 40.Kh1 Bxa5 41.Bxa5 Qxa5 42.Rc1 Be4+  0-1

[Event "15th TCh-Eur Senior"]
[Site "Dresden GER"]
[Date "2013.07.20"]
[Round "1"]
[White "Sandklef,A"]
[Black "Beltz,Robert"]
[Result "0-1"]
[WhiteElo "1975"]
[BlackElo "2152"]

1.d4 d5 2.c4 c6 3.Nf3 Nf6 4.e3 e6 5.Nc3 Nbd7 6.Bd3 Be7 7.O-O O-O 8.b3 a5
9.Bb2 Re8 10.Rc1 Nf8 11.Qc2 Ng6 12.Rfd1 Bd6 13.h3 Qe7 14.Na4 Nd7 15.Re1 dxc4
16.bxc4 e5 17.Bf5 e4 18.Nd2 Nf6 19.Bxg6 hxg6 20.Nb6 Rb8 21.Nxc8 Rbxc8 22.Qb3 g5
23.g4 Qd7 24.Qd1 Bb8 25.Ba3 Re6 26.Kg2 b5 27.cxb5 cxb5 28.Rxc8+ Qxc8 29.Nb3 b4
30.Bb2 Nd5 31.Nc5 Re7 32.Qd2 f5 33.gxf5 Qxf5 34.Qe2 Nf6 35.Rc1 g4 36.hxg4 Nxg4
37.Nb3 Bd6 38.Qc4+ Kh7 39.Rh1+ Kg6 40.Qe2 Rf7 41.Rf1 Qg5 42.f4 exf3+ 43.Rxf3 Nh2+
44.Kh1 Nxf3 45.Qd3+ Rf5  0-1

[Event "ch-AUT 2013"]
[Site "Feldkirch AUT"]
[Date "2013.07.20"]
[Round "1.11"]
[White "Kummer,Hel"]
[Black "Kanonier,C"]
[Result "1-0"]
[WhiteElo "2357"]
[BlackElo "2110"]

1.d4 d5 2.c4 c6 3.Nf3 Nf6 4.Nc3 e6 5.e3 Nbd7 6.Bd3 dxc4 7.Bxc4 b5 8.Bd3 Bb7
9.e4 a6 10.e5 Nd5 11.Nxd5 cxd5 12.Bd2 Be7 13.O-O Qb6 14.Qb3 O-O 15.Bb4 Bxb4
16.Qxb4 f6 17.Rfe1 fxe5 18.Nxe5 Nxe5 19.Rxe5 Rf6 20.g3 Rc8 21.Rae1 a5 22.Qd2 b4
23.Qe3 Rc6 24.f4 g6 25.g4 Bc8 26.h4 Kg7 27.h5 a4 28.hxg6 hxg6 29.Rg5 a3 30.Qe5 Kf7
31.f5 axb2 32.fxg6+  1-0

[Event "28th Avoine Open"]
[Site "Avoine FRA"]
[Date "2013.07.21"]
[Round "2.40"]
[White "Wenzel,J"]
[Black "Caron,D"]
[Result "1-0"]
[WhiteElo "2171"]
[BlackElo "1944"]

1.d4 d5 2.c4 c6 3.Nc3 e6 4.e3 Nf6 5.Nf3 Nbd7 6.b3 Bb4 7.Bd2 O-O 8.Be2 Qe7
9.O-O Bd6 10.Qc2 b6 11.Rfe1 Bb7 12.Bd3 dxc4 13.bxc4 c5 14.Ne4 Nxe4 15.Bxe4 Bxe4
16.Qxe4 cxd4 17.exd4 Bb4 18.Qd3 Bxd2 19.Nxd2 Rfd8 20.Nf3 Qd6 21.Qb3 Rac8
22.Red1 Qf4 23.Rac1 Nf6 24.h3 Ne4 25.Qe3 Qxe3 26.fxe3 Rc7 27.Rc2 Rdc8 28.Rdc1 f6
29.Kf1 g5 30.Ke2 h5 31.Kd3 Nd6 32.e4 b5 33.Nd2 bxc4+ 34.Nxc4 Nxc4 35.Rxc4 Rxc4
36.Rxc4 Rxc4 37.Kxc4 Kf7 38.Kc5 Ke7 39.d5 Kd7 40.a4 f5 41.Kd4 fxe4 42.Kxe4 Kd6
43.dxe6 Kxe6 44.g3 a5 45.h4 gxh4 46.gxh4 Kf6 47.Kf4 Ke6 48.Kg5 Ke5 49.Kxh5 Kf5
50.Kh6 Kf6 51.h5 Kf7 52.Kg5 Kg7 53.Kf5 Kh6 54.Ke5  1-0

[Event "7th LCT 2013"]
[Site "Leiden NED"]
[Date "2013.07.21"]
[Round "9.32"]
[White "Kubbenga,M"]
[Black "Braggaar,P"]
[Result "1/2-1/2"]
[WhiteElo "1955"]
[BlackElo "1987"]

1.d4 d5 2.c4 c6 3.Nc3 Nf6 4.Nf3 e6 5.e3 Be7 6.Qc2 Nbd7 7.g4 dxc4 8.Bxc4 b6
9.e4 Bb7 10.Rg1 Qc7 11.g5 Nh5 12.Be3 a6 13.e5  1/2-1/2

[Event "6th Paleochora Open"]
[Site "Paleochora GRE"]
[Date "2013.07.21"]
[Round "4.20"]
[White "De Wachter,M"]
[Black "Koths,P"]
[Result "1-0"]
[WhiteElo "2281"]
[BlackElo "1917"]

1.d4 d5 2.c4 c6 3.Nc3 Nf6 4.e3 e6 5.Nf3 Nbd7 6.Qc2 Bd6 7.h3 h6 8.Bd2 b6 9.cxd5 exd5
10.Bd3 Bb7 11.O-O O-O 12.a3 Re8 13.Rfe1 c5 14.dxc5 Nxc5 15.Bb5 Re7 16.Red1 Rc8
17.Be1 a6 18.Bf1 Bb8 19.Rac1 Rd7 20.b4 Ne6 21.Qd2 d4 22.Nxd4 Nxd4 23.exd4 Qc7
24.g3 Qc6 25.d5 Qd6 26.Bg2 Rcd8 27.Qd4 Ba7 28.Ne4 Nxe4 29.Bxe4 Ba8 30.Bc3 f6
31.Bf5 b5 32.Qg4 Rc7 33.Bxf6  1-0

[Event "15th TCh-Eur Senior"]
[Site "Dresden GER"]
[Date "2013.07.22"]
[Round "3"]
[White "Van Herck,M"]
[Black "Goldberg,V"]
[Result "1-0"]
[WhiteElo "2104"]
[BlackElo "2150"]

1.d4 Nf6 2.Nf3 d5 3.c4 e6 4.Nc3 c6 5.e3 Bd6 6.Bd3 Nbd7 7.O-O O-O 8.e4 dxe4
9.Nxe4 Nxe4 10.Bxe4 h6 11.b3 f5 12.Bc2 Nf6 13.Bb2 Qc7 14.Qe2 b6 15.Rad1 Bd7
16.c5 bxc5 17.dxc5 Bxc5 18.Qc4 Bb6 19.Bxf5 Nd5 20.Qg4 Rf7 21.Bxe6 Bxe6 22.Qxe6 Nf4
23.Qc4 Re8 24.Rfe1 Rxe1+ 25.Rxe1 Nd5 26.Re8+ Rf8 27.Rxf8+ Kxf8 28.Ne5 Qd6
29.Qxc6 Qb4 30.Qc8+  1-0

[Event "ch-AUT 2013"]
[Site "Feldkirch AUT"]
[Date "2013.07.22"]
[Round "3.16"]
[White "Schmidlechner,A"]
[Black "Kanonier,C"]
[Result "1-0"]
[WhiteElo "2267"]
[BlackElo "2110"]

1.d4 d5 2.c4 c6 3.Nf3 Nf6 4.Nc3 e6 5.e3 Nbd7 6.Qc2 Bd6 7.Bd3 O-O 8.O-O b6
9.e4 dxc4 10.Bxc4 e5 11.d5 cxd5 12.Nxd5 Nxd5 13.Bxd5 Rb8 14.Rd1 Qc7 15.Qc6 Nf6
16.Bxf7+ Rxf7 17.Qxd6 Bg4 18.Nxe5  1-0

[Event "6th Paleochora Open"]
[Site "Paleochora GRE"]
[Date "2013.07.22"]
[Round "5.3"]
[White "Kharitonov,Alexandr"]
[Black "Kapnisis,S"]
[Result "1-0"]
[WhiteElo "2538"]
[BlackElo "2449"]

1.d4 d5 2.c4 e6 3.Nf3 Nf6 4.Nc3 c6 5.e3 Nbd7 6.Qc2 Bd6 7.Bd3 O-O 8.O-O dxc4
9.Bxc4 b5 10.Be2 Bb7 11.Rd1 Qb8 12.h3 a6 13.e4 e5 14.dxe5 Nxe5 15.Nd4 Ned7
16.Nf5 Be5 17.Qd2 Nc5 18.Qe3 Ne6 19.Bf3 Re8 20.Qd3 Rd8 21.Qc2 g6 22.Nh6+ Kg7
23.Rxd8 Qxd8 24.Ne2 c5 25.Be3 Qe7 26.Rd1 Rd8 27.Rxd8 Qxd8 28.Ng4 Nxg4 29.hxg4 Ng5
30.Bxc5 Qf6 31.Qd3 Bxb2 32.Qd7 Bxe4 33.Qe8 Nxf3+ 34.gxf3 Qc6 35.Qf8+ Kf6
36.Qe7+ Kg7 37.fxe4  1-0

[Event "6th Paleochora Open"]
[Site "Paleochora GRE"]
[Date "2013.07.22"]
[Round "5.7"]
[White "Stathopoulos,I"]
[Black "Colovic,A"]
[Result "1/2-1/2"]
[WhiteElo "2247"]
[BlackElo "2502"]

1.d4 d5 2.c4 c6 3.Nf3 Nf6 4.Nc3 e6 5.e3 Nbd7 6.Qc2 Bd6 7.Bd3 O-O 8.O-O dxc4
9.Bxc4 e5 10.Bb3 h6 11.Rd1 Qc7 12.h3 Re8 13.a3 exd4 14.exd4 Nf8 15.d5 cxd5
16.Nxd5 Nxd5 17.Qxc7 Bxc7 18.Bxd5 Bb6 19.a4 a5 20.Ra3 Ra7 21.Rc3 Be6 22.Bxe6 Nxe6
23.Rd6 Ra6 24.Kf1 Rd8 25.Rxd8+ Bxd8 26.Rc8 Kh7 27.Nd4 Be7 28.Nxe6 Rxe6 29.Rc7 b6
30.Be3 Bg5 31.Bxg5 hxg5 32.Rxf7 Re4 33.Rf5 Rxa4 34.Rb5 Ra2 35.Rxb6  1/2-1/2

[Event "65th ch-MNE 2013"]
[Site "Cetinje SRB"]
[Date "2013.07.23"]
[Round "4.2"]
[White "Nikcevic,N"]
[Black "Blagojevic,Dr"]
[Result "1/2-1/2"]
[WhiteElo "2441"]
[BlackElo "2530"]

1.d4 d5 2.c4 e6 3.Nf3 Nf6 4.Nc3 c6 5.e3 Nbd7 6.Bd3 dxc4 7.Bxc4 b5 8.Bd3 a6
9.e4 c5 10.d5 c4 11.dxe6 fxe6 12.Bc2 Qc7 13.O-O Bc5 14.e5 Nxe5 15.Bf4 Bd6
16.Ng5 Nd3 17.Bxd6 Qxd6 18.Qf3 Ra7 19.Rad1 Rd7 20.Bxd3 cxd3 21.Nce4 Nxe4
22.Qxe4 Qd5 23.Qxe6+ Qxe6 24.Nxe6 Rd6 25.Nc5 Bf5 26.Rd2 O-O 27.f3 Rc8 28.b4 Rd4
29.a3 Rc4 30.Rfd1 a5 31.Nxd3 Bxd3 32.Rxd3 axb4 33.axb4 Rxb4 34.Rd8+ Rxd8
35.Rxd8+ Kf7 36.Rd7+ Kf6 37.Rb7 h5 38.h4 g5 39.hxg5+ Kxg5 40.Kh2 h4 41.Kh3 Rb1
42.g3 hxg3 43.Kxg3 Kf5  1/2-1/2

[Event "15th TCh-Eur Senior"]
[Site "Dresden GER"]
[Date "2013.07.23"]
[Round "4"]
[White "Lauterbach,E"]
[Black "Hellwege,W"]
[Result "1/2-1/2"]
[WhiteElo "1705"]
[BlackElo "2033"]

1.d4 d5 2.Nf3 c6 3.c4 e6 4.e3 Nf6 5.Nc3 Bd6 6.Bd2 O-O 7.Qc2 Nbd7 8.Rc1 Qe7
9.Bd3 dxc4 10.Bxc4 e5 11.dxe5 Nxe5 12.Nxe5 Qxe5 13.f4 Qe7 14.O-O Bc5 15.Rce1 Re8
16.Nd1 Bg4 17.Be2 Bxe2 18.Rxe2 Ne4 19.Bc1 Bb6 20.Nf2 Rad8 21.Nxe4 Qxe4 22.Qxe4 Rxe4
23.g3 Rd3 24.Kf2 f5 25.Bd2 Kf7 26.Rc1 g6 27.Rc3 Rd5 28.a3 Rb5 29.b4 c5 30.Rd3 cxb4
31.Bxb4 Ke8 32.Rc2 a5 33.Rc8+ Kf7 34.Rd7+ Ke6 35.Rd6+ Kf7 36.Rd7+ Ke6 37.Rd6+  1/2-1/2

[Event "ch-AUT 2013"]
[Site "Feldkirch AUT"]
[Date "2013.07.23"]
[Round "4.3"]
[White "Huber,Mart AUT"]
[Black "Diermair,A"]
[Result "1/2-1/2"]
[WhiteElo "2230"]
[BlackElo "2426"]

1.Nf3 d5 2.d4 Nf6 3.c4 c6 4.Nc3 e6 5.e3 Nbd7 6.Qc2 Bd6 7.Bd3 O-O 8.O-O dxc4
9.Bxc4 b5 10.Bd3 Bb7 11.Ng5 h6 12.Nge4 Be7 13.Nxf6+ Nxf6 14.Ne4 Nxe4 15.Bxe4 Qb6
16.a3 a5 17.Bd2 b4 18.Rfc1 Rfc8 19.axb4 axb4 20.Rxa8 Rxa8 21.g3 Rc8 22.Qa4 Ra8
23.Qc2 Rc8 24.Qa4 Ra8 25.Qc2 Rc8 26.Qa4  1/2-1/2

[Event "ch-AUT 2013"]
[Site "Feldkirch AUT"]
[Date "2013.07.23"]
[Round "4.8"]
[White "Schachinger,M"]
[Black "Sandhoefner,F"]
[Result "1-0"]
[WhiteElo "2401"]
[BlackElo "2270"]

1.d4 d5 2.c4 c6 3.Nc3 Nf6 4.e3 e6 5.Nf3 Nbd7 6.Qc2 Bd6 7.b3 O-O 8.Be2 Qe7
9.Bb2 b6 10.O-O Bb7 11.Rad1 Rad8 12.Rfe1 Rfe8 13.Bf1 c5 14.cxd5 exd5 15.g3 a6
16.Bg2 Ne4 17.dxc5 Ndxc5 18.b4 Nd7 19.Nxd5 Bxd5 20.Rxd5 Bxb4 21.Red1 Nef6
22.Ng5 h6 23.Bxf6 Nxf6 24.Rxd8 Rxd8 25.Rxd8+ Qxd8 26.Nxf7 Qe7 27.Nd8 Qxd8
28.Qc4+ Kh8 29.Qxb4 Qd1+ 30.Bf1 b5 31.Qf8+ Kh7 32.Qc8 Ng4 33.h3 Nh2 34.Kxh2 Qxf1
35.Qf5+ Kg8 36.e4 Qc4 37.e5 Qxa2 38.e6 Qc4 39.e7 Qf7 40.Qc8+ Kh7 41.Qf8  1-0